000 00448nam a2200181Ia 4500
003 LK-CoDNM
005 20240926153526.0
008 010623t1928 xxu||||| |||| 00| 1 eng d
040 _aLK-CoDNM
_dLK-CoDNM
_eLK-CoDNM
041 _aeng
080 _a24
_bG35
245 _aThe Oriental Supplement
260 _bW.Heffer and Sons
_aEngland
_c1928
300 _b200p., 21 cm
650 _aThe Oriental Supplement
650 _a24 G35
942 _cBK
999 _c94381
_d94381